[Event "Oban Open"]
[Site "Oban"]
[Date "2019.11.16"]
[Round "3.10"]
[White "Coates, Sam"]
[Black "Chadha, Sambhav"]
[Result "0-1"]
[WhiteElo "1591"]
[BlackElo "1721"]
[PlyCount "50"]
[EventDate "2019.11.??"]
[EventType "swiss"]
[EventRounds "5"]
[EventCountry "SCO"]
[Tiebreak "Sonneborn-Berger (Swiss)"]
[SourceVersionDate "2020.03.10"]

1. e4 c5 2. d3 Nc6 3. Nd2 g6 4. Ngf3 Bg7 5. g3 d6 6. Bg2 e5 7. O-O Nge7 8. Re1
O-O 9. Nf1 h6 10. h4 Be6 11. N1h2 Qd7 12. Be3 f5 13. Qc1 Kh7 14. Rf1 Rf7 15.
Ne1 Nd4 16. Qd2 f4 17. gxf4 exf4 18. Bxf4 Rxf4 19. c3 Rxh4 20. cxd4 Bh3 21.
Nef3 Bxg2 22. Kxg2 Qh3+ 23. Kg1 Rh5 24. Rfe1 Rf8 25. Qd1 Rf4 0-1

[Event "Oban Open"]
[Site "Oban"]
[Date "2019.11.16"]
[Round "3.11"]
[White "McCusker, Andrew"]
[Black "Le Feuvre, Gwenole"]
[Result "1-0"]
[WhiteElo "1830"]
[BlackElo "1714"]
[PlyCount "89"]
[EventDate "2019.11.??"]
[EventType "swiss"]
[EventRounds "5"]
[EventCountry "SCO"]
[Tiebreak "Sonneborn-Berger (Swiss)"]
[SourceVersionDate "2020.03.10"]

1. c4 Nf6 2. g3 g6 3. Bg2 Bg7 4. Nc3 O-O 5. e4 d6 6. Nge2 e5 7. O-O Nc6 8. d3
Nh5 9. Be3 f5 10. Qd2 f4 11. gxf4 Qh4 12. fxe5 Nxe5 13. Bg5 Qg4 14. f4 Nf7 15.
Be7 Bd7 16. h3 Qe6 17. Bxf8 Rxf8 18. f5 Qf6 19. Qe3 c6 20. Ng3 Bh6 21. Qf3 Qd4+
22. Kh2 Ne5 23. Qd1 Nxg3 24. Kxg3 Qe3+ 25. Bf3 gxf5 26. Qe2 Qf4+ 27. Kg2 Kh8
28. Bg4 Qg5 29. exf5 Bxf5 30. Ne4 Bxe4+ 31. dxe4 Rg8 32. Rf5 Qh4 33. Qf2 Qxf2+
34. Kxf2 Nxg4+ 35. hxg4 Rxg4 36. Kf3 Rg6 37. Rd1 Bg7 38. c5 d5 39. exd5 cxd5
40. Rdxd5 Bxb2 41. Rf7 Rg7 42. Rd8+ Rg8 43. Rxg8+ Kxg8 44. Rxb7 Ba3 45. c6 1-0

[Event "Oban Open"]
[Site "Oban"]
[Date "2019.11.17"]
[Round "4.1"]
[White "Berry, Neil"]
[Black "Irving, Neil"]
[Result "1/2-1/2"]
[WhiteElo "2158"]
[BlackElo "1901"]
[PlyCount "62"]
[EventDate "2019.11.??"]
[EventType "swiss"]
[EventRounds "5"]
[EventCountry "SCO"]
[Tiebreak "Sonneborn-Berger (Swiss)"]
[SourceVersionDate "2020.03.10"]

1. d4 d5 2. c4 dxc4 3. e4 Nc6 4. Nf3 Bg4 5. d5 Ne5 6. Bf4 Ng6 7. Be3 Nf6 8.
Bxc4 Nxe4 9. O-O e5 10. dxe6 fxe6 11. Qa4+ c6 12. Be2 Nf6 13. Nc3 Be7 14. Rfd1
Qc8 15. h3 Bxf3 16. Bxf3 O-O 17. Rac1 Rd8 18. Rxd8+ Qxd8 19. Qb3 Qd7 20. Rd1
Qc8 21. Bg5 Kh8 22. Bxf6 Bxf6 23. Ne4 Be7 24. Bg4 Qc7 25. Qxe6 Rd8 26. Rxd8+
Qxd8 27. Ng3 Bc5 28. Nf5 Qd2 29. Qe8+ Nf8 30. Qe2 Qxe2 31. Bxe2 g6 1/2-1/2

[Event "Oban Open"]
[Site "Oban"]
[Date "2019.11.17"]
[Round "4.2"]
[White "Newton, Andrew"]
[Black "Page, Mark"]
[Result "1-0"]
[WhiteElo "1896"]
[BlackElo "2133"]
[PlyCount "81"]
[EventDate "2019.11.??"]
[EventType "swiss"]
[EventRounds "5"]
[EventCountry "SCO"]
[Tiebreak "Sonneborn-Berger (Swiss)"]
[SourceVersionDate "2020.03.10"]

1. e4 c5 2. Nf3 d6 3. d4 cxd4 4. Nxd4 Nf6 5. Nc3 a6 6. Bg5 e6 7. f4 Be7 8. Qf3
Qc7 9. O-O-O Nbd7 10. g4 b5 11. Bxf6 Nxf6 12. g5 Nd7 13. f5 Bxg5+ 14. Kb1 Ne5
15. Qh5 Qe7 16. Nxe6 g6 17. Qxg5 fxe6 18. Qe3 Rf8 19. Bxb5+ axb5 20. Nxb5 Ra6
21. Qd4 gxf5 22. exf5 Bb7 23. Nxd6+ Rxd6 24. Qxd6 Bxh1 25. Qxe5 Bd5 26. fxe6
Bxe6 27. Qb8+ Kf7 28. Rf1+ Bf5 29. Qg3 Qe4 30. Qf2 Kg8 31. Re1 Qf4 32. Qg3+ Bg6
33. a3 Qc4 34. Qg2 Rc8 35. Rg1 Qd4 36. Qg4 Qc5 37. Rc1 Rb8 38. Qg3 Rb7 39. h4
Qf5 40. b4 Re7 41. Kb2 {and White won (x moves)} 1-0

[Event "Oban Open"]
[Site "Oban"]
[Date "2019.11.17"]
[Round "4.3"]
[White "Orr, Mark JL"]
[Black "Neave, George"]
[Result "1/2-1/2"]
[WhiteElo "2142"]
[BlackElo "2116"]
[PlyCount "101"]
[EventDate "2019.11.??"]
[EventType "swiss"]
[EventRounds "5"]
[EventCountry "SCO"]
[Tiebreak "Sonneborn-Berger (Swiss)"]
[SourceVersionDate "2020.03.10"]

1. c4 e5 2. Nc3 Nf6 3. Nf3 Nc6 4. e3 g6 5. d4 exd4 6. exd4 d5 7. Bg5 dxc4 8.
Qe2+ Be6 9. d5 Nxd5 10. Bxd8 Rxd8 11. Nxd5 Rxd5 12. a3 Bg7 13. Qxc4 Ne5 14. Qb4
a5 15. Qxb7 Nxf3+ 16. gxf3 Re5+ 17. Be2 O-O 18. O-O Bh3 19. f4 Rxe2 20. Rfd1
Rfe8 21. Qf3 Bf5 22. Rd8 Rxd8 23. Qxe2 Rb8 24. Rd1 c5 25. Qe7 Bd4 26. Rxd4 cxd4
27. Qc7 Rc8 28. Qxa5 d3 29. f3 Rc2 30. Qd8+ Kg7 31. Qd4+ Kh6 32. Kf1 Rc1+ 33.
Kf2 d2 34. Qxd2 Rc2 35. Qxc2 Bxc2 36. b4 Ba4 37. Ke3 Kg7 38. Kd4 Kf8 39. Kc5
Ke7 40. b5 Kd7 41. Kb4 Bd1 42. a4 Bxf3 43. Kc5 Kc7 44. a5 f6 45. h4 h6 46. a6
g5 47. fxg5 fxg5 48. hxg5 hxg5 49. b6+ Kb8 50. Kd4 Be2 51. Ke4 1/2-1/2

[Event "Oban Open"]
[Site "Oban"]
[Date "2019.11.17"]
[Round "4.4"]
[White "Gillies, Alex"]
[Black "Jelfs, Alan"]
[Result "0-1"]
[WhiteElo "1986"]
[BlackElo "1932"]
[PlyCount "66"]
[EventDate "2019.11.??"]
[EventType "swiss"]
[EventRounds "5"]
[EventCountry "SCO"]
[Tiebreak "Sonneborn-Berger (Swiss)"]
[SourceVersionDate "2020.03.10"]

1. d4 Nf6 2. Nf3 g6 3. g3 Bg7 4. Bg2 O-O 5. O-O c6 6. c4 Na6 7. Nc3 d6 8. e4
Nd7 9. Be3 e5 10. d5 Qc7 11. Qd2 Ndc5 12. Bh6 f5 13. Bxg7 Kxg7 14. exf5 Bxf5
15. Rfe1 Nb4 16. Red1 Bg4 17. Ng5 Bxd1 18. Rxd1 h6 19. a3 hxg5 20. axb4 Nb3 21.
Qxg5 Rf5 22. Qg4 Raf8 23. Be4 R5f6 24. Bb1 Nd4 25. Ne4 Nf3+ 26. Kh1 Rh8 27. h4
Rf4 28. Qe6 Qd8 29. dxc6 Rhxh4+ 30. Kg2 Rh2+ 31. Kf1 Rh1+ 32. Ke2 Rxd1 33. gxf4
Nd4+ 0-1

[Event "Oban Open"]
[Site "Oban"]
[Date "2019.11.17"]
[Round "4.5"]
[White "Birkett, Richard"]
[Black "Ridge, Michael"]
[Result "1-0"]
[WhiteElo "2017"]
[BlackElo "1884"]
[PlyCount "45"]
[EventDate "2019.11.??"]
[EventType "swiss"]
[EventRounds "5"]
[EventCountry "SCO"]
[Tiebreak "Sonneborn-Berger (Swiss)"]
[SourceVersionDate "2020.03.10"]

1. e4 c5 2. Nc3 g6 3. d4 cxd4 4. Qxd4 Nf6 5. e5 Nc6 6. Qf4 Nh5 7. Qe3 d5 8.
exd6 Bg7 9. dxe7 Nxe7 10. Bb5+ Bd7 11. Qd3 Nf6 12. Bg5 O-O 13. Bxf6 Bxb5 14.
Qxd8 Raxd8 15. Bxg7 Rfe8 16. Nxb5 Nd5+ 17. Ne2 Nf4 18. Nbc3 Kxg7 19. g3 Nxe2
20. Nxe2 Rd6 21. Rd1 Rde6 22. Rd2 g5 23. h4 1-0

[Event "Oban Open"]
[Site "Oban"]
[Date "2019.11.17"]
[Round "4.6"]
[White "Lothian, Robert"]
[Black "Tsang, Sai Kong"]
[Result "1-0"]
[WhiteElo "2046"]
[BlackElo "1884"]
[PlyCount "45"]
[EventDate "2019.11.??"]
[EventType "swiss"]
[EventRounds "5"]
[EventCountry "SCO"]
[Tiebreak "Sonneborn-Berger (Swiss)"]
[SourceVersionDate "2020.03.10"]

1. e4 d6 2. d4 Nf6 3. Nc3 g6 4. Nge2 Bg7 5. h3 c6 6. g3 Qa5 7. Bg2 e5 8. Be3
O-O 9. O-O Nbd7 10. a3 Qc7 11. f4 b6 12. g4 h6 13. Qd2 exf4 14. Nxf4 g5 15.
Nfe2 Ba6 16. Rf2 Rae8 17. Ng3 c5 18. Nf5 cxd4 19. Bxd4 Ne5 20. Nxg7 Kxg7 21.
Rxf6 Qb7 22. Raf1 Kh7 23. Nd5 1-0

[Event "Oban Open"]
[Site "Oban"]
[Date "2019.11.17"]
[Round "4.7"]
[White "McQuillan, Stephen"]
[Black "Chadha, Sambhav"]
[Result "1/2-1/2"]
[WhiteElo "1978"]
[BlackElo "1721"]
[PlyCount "89"]
[EventDate "2019.11.??"]
[EventType "swiss"]
[EventRounds "5"]
[EventCountry "SCO"]
[Tiebreak "Sonneborn-Berger (Swiss)"]
[SourceVersionDate "2020.03.10"]

1. d4 Nf6 2. Bf4 g6 3. Nc3 d5 4. f3 Bg7 5. Qd2 c5 6. Nb5 Na6 7. c3 Bd7 8. e3
O-O 9. g4 Qb6 10. Na3 cxd4 11. exd4 Rfe8 12. Be5 h5 13. h3 Rac8 14. Bd3 h4 15.
Ne2 Nh7 16. Bxg7 Kxg7 17. Bxa6 Qxa6 18. f4 f6 19. O-O Qb6 20. Nc2 Bb5 21. Nb4
Qd6 22. Nd3 Qa6 23. Rf3 Bxd3 24. Rxd3 e6 25. a3 Rc7 26. Re1 g5 27. Rf3 Qd6 28.
Ref1 Rf8 29. Nc1 gxf4 30. Rxf4 Ng5 31. Kg2 Rcf7 32. Qf2 b6 33. Nd3 a5 34. Qe3
Ne4 35. Nf2 Ng5 36. Re1 Re7 37. Re2 Rfe8 38. Nd3 Rf8 39. Rxf6 Rxf6 40. Qxg5+
Rg6 41. Qxh4 Rh6 42. Qg5+ Rg6 43. Qe5+ Qxe5 44. Nxe5 Rf6 45. Rf2 1/2-1/2

[Event "Oban Open"]
[Site "Oban"]
[Date "2019.11.17"]
[Round "4.8"]
[White "Babin, Andre"]
[Black "McCusker, Andrew"]
[Result "1-0"]
[WhiteElo "1865"]
[BlackElo "1830"]
[PlyCount "69"]
[EventDate "2019.11.??"]
[EventType "swiss"]
[EventRounds "5"]
[EventCountry "SCO"]
[Tiebreak "Sonneborn-Berger (Swiss)"]
[SourceVersionDate "2020.03.10"]

1. c4 c6 2. d4 d5 3. e3 Nf6 4. Nc3 e6 5. Nf3 Bd6 6. Bd3 Nbd7 7. cxd5 exd5 8.
O-O O-O 9. Rb1 Re8 10. Qc2 Qe7 11. a3 a5 12. Bd2 Ne4 13. Rfc1 Nb6 14. h3 h5 15.
Be1 Bf5 16. b4 Nc4 17. Nxe4 Nxa3 18. Nxd6 Qxd6 19. Qd1 Bxd3 20. Qxd3 Nxb1 21.
Rxb1 a4 22. b5 c5 23. dxc5 Qxc5 24. Bb4 Qc4 25. Qxc4 dxc4 26. Nd4 a3 27. Ra1 a2
28. Kf1 Ra4 29. Bc3 Re5 30. Ke2 f5 31. Kd2 f4 32. exf4 Re4 33. f5 Kf7 34. Ne6
Rh4 35. g3 1-0

[Event "Oban Open"]
[Site "Oban"]
[Date "2019.11.17"]
[Round "4.9"]
[White "Ridge, Benjamin"]
[Black "Marks, Ian A"]
[Result "0-1"]
[WhiteElo "1631"]
[BlackElo "1862"]
[PlyCount "94"]
[EventDate "2019.11.??"]
[EventType "swiss"]
[EventRounds "5"]
[EventCountry "SCO"]
[Tiebreak "Sonneborn-Berger (Swiss)"]
[SourceVersionDate "2020.03.10"]

1. c4 b6 2. Nc3 Bb7 3. d4 e6 4. e4 Bb4 5. Bd3 Qh4 6. Nf3 Qh5 7. Bd2 Nf6 8. Qe2
d6 9. Nb5 Bxd2+ 10. Nxd2 Qxe2+ 11. Bxe2 Kd7 12. d5 e5 13. a3 a6 14. Nc3 a5 15.
O-O Ke7 16. b4 axb4 17. axb4 Rxa1 18. Rxa1 Na6 19. Ra4 Ra8 20. Nb3 Nd7 21. Bg4
g6 22. Bxd7 Kxd7 23. b5 Nc5 24. Nxc5+ bxc5 25. Rxa8 Bxa8 26. g4 Bb7 27. Kg2 Bc8
28. Kg3 Ke7 29. f3 f5 30. h3 Kf6 31. h4 h6 32. Kh3 fxg4+ 33. fxg4 h5 34. Kg3
Bxg4 35. Na4 g5 36. b6 cxb6 37. Nxb6 gxh4+ 38. Kxh4 Ke7 39. Na4 Kd7 40. Nb2 Kc7
41. Nd3 Kb6 42. Nf2 Be2 43. Nh1 Bxc4 44. Kxh5 Bd3 45. Ng3 c4 46. Nf5 c3 47. Ne3
c2 0-1

[Event "Oban Open"]
[Site "Oban"]
[Date "2019.11.17"]
[Round "4.10"]
[White "MacDonald, Alex"]
[Black "Robinson, Stephen"]
[Result "1-0"]
[WhiteElo "1303"]
[BlackElo "1730"]
[PlyCount "137"]
[EventDate "2019.11.??"]
[EventType "swiss"]
[EventRounds "5"]
[EventCountry "SCO"]
[Tiebreak "Sonneborn-Berger (Swiss)"]
[SourceVersionDate "2020.03.10"]

1. e4 e6 2. d4 d5 3. exd5 exd5 4. Nf3 Nf6 5. Bd3 c5 6. dxc5 Bxc5 7. h3 O-O 8.
O-O Nc6 9. Bg5 Qd6 10. Nc3 Bxh3 11. gxh3 Qg3+ 12. Kh1 Qxh3+ 13. Nh2 Bd6 14. f4
Nh5 15. Rf3 Ng3+ 16. Rxg3 Qxg3 17. Bxh7+ Kxh7 18. Qh5+ Kg8 19. Rg1 Qf2 20. Nxd5
Bc5 21. Nf3 Qxf3+ 22. Qxf3 f6 23. Nxf6+ gxf6 24. Qd5+ Rf7 25. Qxc5 Rh7+ 26. Kg2
fxg5 27. Kf2 Rf8 28. Rxg5+ Rg7 29. Rxg7+ Kxg7 30. Qg5+ Kf7 31. f5 Ne7 32. Kf3
Nxf5 33. Ke4 Ke6 34. Kd3 Ke5 35. c3 Rf7 36. Qg1 Rd7+ 37. Kc2 b6 38. Qh2+ Ke4
39. Qg2+ Kf4 40. Kb3 Rg7 41. Qd2+ Ke4 42. Qc2+ Ke5 43. Qe2+ Kf4 44. Qc4+ Ke5
45. a4 Re7 46. Qb5+ Kf4 47. a5 Re6 48. Qd7 Re4 49. Qc7+ Re5 50. axb6 axb6 51.
Qxb6 Re3 52. Qb8+ Ke4 53. Kc4 Kf3 54. b4 Re4+ 55. Kb5 Ne3 56. Qb7 Kf4 57. c4
Ke5 58. Qe7+ Kd4 59. Qa7+ Kd3 60. Qa3+ Kd2 61. Qb2+ Nc2 62. c5 Re8 63. Kc6 Kd3
64. Qb3+ Kd2 65. Qd5+ Kc3 66. Kd7 Re3 67. c6 Rd3 68. Qxd3+ Kxd3 69. b5 1-0

[Event "Oban Open"]
[Site "Oban"]
[Date "2019.11.17"]
[Round "4.11"]
[White "Le Feuvre, Gwenole"]
[Black "Coates, Sam"]
[Result "1-0"]
[WhiteElo "1714"]
[BlackElo "1591"]
[PlyCount "55"]
[EventDate "2019.11.??"]
[EventType "swiss"]
[EventRounds "5"]
[EventCountry "SCO"]
[Tiebreak "Sonneborn-Berger (Swiss)"]
[SourceVersionDate "2020.03.10"]

1. e4 c6 2. d4 d5 3. e5 Bf5 4. Ne2 e6 5. Ng3 Bg6 6. h4 h5 7. Nd2 c5 8. Nf3 Nc6
9. Be3 Qb6 10. Bd3 Bxd3 11. Qxd3 c4 12. Qe2 Qxb2 13. O-O Bb4 14. a3 Bxa3 15.
Rab1 Qc3 16. Rxb7 Nge7 17. Rfb1 Qa5 18. Ng5 Bb4 19. Qf3 Rf8 20. Nxh5 O-O-O 21.
R7xb4 Nxb4 22. Nxf7 Kc7 23. Nxg7 Kd7 24. Qh3 Nf5 25. Nxd8 Nxg7 26. Nb7 Qa3 27.
Nc5+ Ke7 28. Bg5+ 1-0

[Event "Oban Open"]
[Site "Oban"]
[Date "2019.11.17"]
[Round "5.1"]
[White "Neave, George"]
[Black "Newton, Andrew"]
[Result "1/2-1/2"]
[WhiteElo "2116"]
[BlackElo "1896"]
[PlyCount "33"]
[EventDate "2019.11.??"]
[EventType "swiss"]
[EventRounds "5"]
[EventCountry "SCO"]
[Tiebreak "Sonneborn-Berger (Swiss)"]
[SourceVersionDate "2020.03.10"]

1. e4 e5 2. Nf3 Nc6 3. Bb5 a6 4. Ba4 Nf6 5. d4 exd4 6. O-O Be7 7. Re1 b5 8. Bb3
d6 9. Bd5 Nxd5 10. exd5 Ne5 11. Nxd4 O-O 12. a4 Bd7 13. f4 Ng6 14. Nc3 bxa4 15.
Nxa4 Bf6 16. Nc3 Re8 17. Rf1 1/2-1/2

[Event "Oban Open"]
[Site "Oban"]
[Date "2019.11.17"]
[Round "5.2"]
[White "Jelfs, Alan"]
[Black "Berry, Neil"]
[Result "0-1"]
[WhiteElo "1932"]
[BlackElo "2158"]
[PlyCount "58"]
[EventDate "2019.11.??"]
[EventType "swiss"]
[EventRounds "5"]
[EventCountry "SCO"]
[Tiebreak "Sonneborn-Berger (Swiss)"]
[SourceVersionDate "2020.03.10"]

1. d4 d5 2. c4 e6 3. Nc3 Bb4 4. Nf3 Nf6 5. Bg5 h6 6. Bxf6 Qxf6 7. e3 O-O 8. Rc1
dxc4 9. Bxc4 c5 10. O-O cxd4 11. exd4 Nc6 12. Ne4 Qf4 13. Bd3 Rd8 14. Bb1 f5
15. Ng3 Qd6 16. a3 Ba5 17. Qb3 Kf8 18. Nxf5 exf5 19. Ba2 Qf6 20. Rc5 Bb6 21.
Rxc6 bxc6 22. Re1 Rd5 23. Qb4+ Qd6 24. Qc4 Be6 25. Qe2 Re8 26. Bxd5 Qxd5 27.
Qd3 Bf7 28. Rxe8+ Bxe8 29. Ne5 Qe4 0-1

[Event "Oban Open"]
[Site "Oban"]
[Date "2019.11.17"]
[Round "5.3"]
[White "Irving, Neil"]
[Black "Birkett, Richard"]
[Result "0-1"]
[WhiteElo "1901"]
[BlackElo "2017"]
[PlyCount "90"]
[EventDate "2019.11.??"]
[EventType "swiss"]
[EventRounds "5"]
[EventCountry "SCO"]
[Tiebreak "Sonneborn-Berger (Swiss)"]
[SourceVersionDate "2020.03.10"]

1. Nf3 d5 2. c4 d4 3. b4 f6 4. e3 dxe3 5. fxe3 Bg4 6. Be2 e5 7. O-O e4 8. Nd4
Bxe2 9. Qxe2 Nc6 10. Qh5+ g6 11. Qb5 a6 12. Qxb7 Nxd4 13. Qxe4+ Kf7 14. exd4 f5
15. Bb2 Nf6 16. Qc6 Bxb4 17. d5 Qd6 18. Qxd6 Bxd6 19. Bd4 Rhe8 20. Nc3 Ng4 21.
h3 Be5 22. Bc5 Bxc3 23. dxc3 Ne5 24. Rad1 Nxc4 25. Rfe1 Rad8 26. Rxe8 Rxe8 27.
Kf2 Nb2 28. Rd2 Nc4 29. Re2 Rxe2+ 30. Kxe2 Kf6 31. Kd3 Nd6 32. Bd4+ Kg5 33. c4
Kf4 34. c5 Ne8 35. Bf2 Ke5 36. Kc4 Ke4 37. Bh4 Ke5 38. Be7 f4 39. a3 h6 40. h4
Kf5 41. Bf8 g5 42. Bxh6 gxh4 43. Kd4 f3 44. gxf3 h3 45. Ke3 h2 0-1

[Event "Oban Open"]
[Site "Oban"]
[Date "2019.11.17"]
[Round "5.4"]
[White "Page, Mark"]
[Black "Orr, Mark JL"]
[Result "1/2-1/2"]
[WhiteElo "2133"]
[BlackElo "2142"]
[PlyCount "43"]
[EventDate "2019.11.??"]
[EventType "swiss"]
[EventRounds "5"]
[EventCountry "SCO"]
[Tiebreak "Sonneborn-Berger (Swiss)"]
[SourceVersionDate "2020.03.10"]

1. e4 c6 2. d4 d5 3. Nd2 dxe4 4. Nxe4 Nf6 5. Nxf6+ exf6 6. c3 Bd6 7. Bd3 O-O 8.
Qc2 Re8+ 9. Ne2 h5 10. Be3 Nd7 11. O-O-O Nf8 12. Kb1 g6 13. h3 f5 14. Rde1 Bd7
15. Nf4 Qc7 16. g3 Re7 17. Bd2 Rae8 18. Qd1 Rxe1 19. Rxe1 Rxe1 20. Qxe1 Ne6 21.
Nxe6 Bxe6 22. Qe2 1/2-1/2

[Event "Oban Open"]
[Site "Oban"]
[Date "2019.11.17"]
[Round "5.5"]
[White "Gillies, Alex"]
[Black "Lothian, Robert"]
[Result "1/2-1/2"]
[WhiteElo "1986"]
[BlackElo "2046"]
[PlyCount "70"]
[EventDate "2019.11.??"]
[EventType "swiss"]
[EventRounds "5"]
[EventCountry "SCO"]
[Tiebreak "Sonneborn-Berger (Swiss)"]
[SourceVersionDate "2020.03.10"]

1. d4 f5 2. Nf3 Nf6 3. g3 g6 4. Bg2 Bg7 5. O-O O-O 6. c4 d6 7. b3 c6 8. Bb2 Qc7
9. Nbd2 a5 10. Qc2 Na6 11. Rad1 Bd7 12. a3 Rae8 13. e3 b6 14. c5 b5 15. cxd6
exd6 16. Rc1 Qb6 17. Ng5 Rc8 18. Qd3 Nc7 19. Rfd1 Ne6 20. Nh3 d5 21. Nf4 Nxf4
22. gxf4 Rfe8 23. Nf3 Rc7 24. Ne5 Rec8 25. Rc2 Be8 26. Bf3 Ne4 27. Be2 Bxe5 28.
dxe5 Nc5 29. Qd4 Nd7 30. Rdc1 Qxd4 31. exd4 Nf8 32. Bxb5 Ne6 33. Ba4 Nxf4 34.
Rd1 Ne6 35. Kf1 g5 1/2-1/2

[Event "Oban Open"]
[Site "Oban"]
[Date "2019.11.17"]
[Round "5.6"]
[White "Marks, Ian A"]
[Black "McQuillan, Stephen"]
[Result "1-0"]
[WhiteElo "1861"]
[BlackElo "1978"]
[PlyCount "105"]
[EventDate "2019.11.??"]
[EventType "swiss"]
[EventRounds "5"]
[EventCountry "SCO"]
[Tiebreak "Sonneborn-Berger (Swiss)"]
[SourceVersionDate "2020.03.10"]

1. d4 e6 2. e4 d5 3. Nd2 Nf6 4. e5 Nfd7 5. Bd3 c5 6. c3 Nc6 7. Ngf3 Be7 8. O-O
f6 9. Nh4 O-O 10. exf6 Nxf6 11. Nhf3 cxd4 12. cxd4 Bd6 13. Re1 Bd7 14. Nb3 Qc7
15. Qe2 Rae8 16. Ne5 Qb6 17. Be3 Bb4 18. Rec1 a5 19. Qc2 Re7 20. a3 Bd6 21. Nc5
Bxc5 22. Qxc5 Qxc5 23. Rxc5 Nxe5 24. dxe5 Ng4 25. Bd4 Rf4 26. Rd1 g6 27. Be2
Ba4 28. Rd2 Ref7 29. g3 Re4 30. f3 Rxe2 31. Rxe2 Rxf3 32. Rxa5 b5 33. Rd2 Rf5
34. Rd3 Bc2 35. Rc3 Be4 36. Rc7 Rf8 37. Raa7 g5 38. h3 Nh6 39. g4 Kh8 40. Bc5
Re8 41. Be7 Ng8 42. Bxg5 Rf8 43. Bf6+ Nxf6 44. exf6 d4 45. g5 e5 46. Kf2 h6 47.
h4 hxg5 48. hxg5 Bf5 49. Rc5 d3 50. Ke3 Rg8 51. Rxe5 Rxg5 52. Re8+ Rg8 53. f7
1-0

[Event "Oban Open"]
[Site "Oban"]
[Date "2019.11.17"]
[Round "5.7"]
[White "Chadha, Sambhav"]
[Black "Babin, Andre"]
[Result "0-1"]
[WhiteElo "1721"]
[BlackElo "1865"]
[PlyCount "70"]
[EventDate "2019.11.??"]
[EventType "swiss"]
[EventRounds "5"]
[EventCountry "SCO"]
[Tiebreak "Sonneborn-Berger (Swiss)"]
[SourceVersionDate "2020.03.10"]

1. e4 c5 2. c3 Nf6 3. e5 Nd5 4. d4 cxd4 5. Nf3 e6 6. cxd4 d6 7. Bc4 Nb6 8. Bb3
d5 9. O-O Be7 10. Nc3 Nc6 11. a3 Bd7 12. Qd3 a5 13. Bc2 a4 14. Nd2 Na5 15. Qg3
g6 16. f4 Nac4 17. Nxc4 Nxc4 18. f5 gxf5 19. Bh6 Qb6 20. Qf2 Qxb2 21. Nxd5 exd5
22. Rab1 Qxa3 23. Rxb7 Kd8 24. Bxf5 Bc6 25. Bc1 Qc3 26. Rxe7 Kxe7 27. Bg5+ Ke8
28. e6 f6 29. Bg6+ Kd8 30. Qxf6+ Kc7 31. Qe7+ Kc8 32. Qc5 Ra6 33. e7 hxg6 34.
Rf8+ Kb7 35. Rxh8 Qe1# 0-1

[Event "Oban Open"]
[Site "Oban"]
[Date "2019.11.17"]
[Round "5.8"]
[White "Tsang, Sai Kong"]
[Black "MacDonald, Alex"]
[Result "1-0"]
[WhiteElo "1884"]
[BlackElo "1303"]
[PlyCount "41"]
[EventDate "2019.11.??"]
[EventType "swiss"]
[EventRounds "5"]
[EventCountry "SCO"]
[Tiebreak "Sonneborn-Berger (Swiss)"]
[SourceVersionDate "2020.03.10"]

1. g3 d5 2. d4 Nf6 3. Bg2 Bf5 4. Nf3 c5 5. O-O Nbd7 6. c4 dxc4 7. Qa4 e6 8. Bg5
Qb6 9. Bxf6 gxf6 10. dxc5 Bxc5 11. Nc3 Qxb2 12. Rad1 Rd8 13. Qxc4 Rc8 14. Qa4
e5 15. Ne4 b5 16. Qa6 Nb8 17. Qxf6 Bxe4 18. Qxh8+ Bf8 19. Qf6 Nd7 20. Rxd7 Kxd7
21. Nxe5+ 1-0

[Event "Oban Open"]
[Site "Oban"]
[Date "2019.11.17"]
[Round "5.9"]
[White "Ridge, Michael"]
[Black "McCusker, Andrew"]
[Result "1-0"]
[WhiteElo "1884"]
[BlackElo "1830"]
[PlyCount "113"]
[EventDate "2019.11.??"]
[EventType "swiss"]
[EventRounds "5"]
[EventCountry "SCO"]
[Tiebreak "Sonneborn-Berger (Swiss)"]
[SourceVersionDate "2020.03.10"]

1. Nf3 c6 2. g3 d5 3. Bg2 Nf6 4. O-O Bf5 5. d3 e6 6. Nh4 Bg6 7. Nxg6 hxg6 8. e4
dxe4 9. dxe4 Qxd1 10. Rxd1 Bc5 11. h3 Na6 12. c3 e5 13. b3 Nc7 14. Ba3 Bxa3 15.
Nxa3 Nd7 16. Nc4 Ke7 17. Nd6 Rab8 18. Nxf7 Nb5 19. Nxh8 Rxh8 20. Rac1 Nc5 21.
Rd2 g5 22. Kf1 a5 23. Ke1 a4 24. b4 Nd7 25. Bf1 Nc7 26. Rcd1 Nf6 27. f3 Ne6 28.
Kf2 Rf8 29. Kg2 Nc7 30. Bc4 Rh8 31. Bd3 Ne6 32. Bc2 Ra8 33. a3 Kf7 34. Bd3 Ke7
35. Bc4 Nc7 36. Be2 Rh8 37. Bc4 Ra8 38. Rh1 Rc8 39. Bd3 Ne6 40. Bc2 Ra8 41.
Rhd1 Ke8 42. Bd3 Ke7 43. Bc4 Nc7 44. Bd3 Ne6 45. Bc2 Ke8 46. Kf2 Ke7 47. Ke3
Ke8 48. Rh1 Ke7 49. h4 Rh8 50. Rdh2 g4 51. Bd1 Nh5 52. fxg4 Nf6 53. g5 Nd7 54.
Bg4 Nb6 55. Be2 Rf8 56. Rf2 Rd8 57. Rhf1 1-0

[Event "Oban Open"]
[Site "Oban"]
[Date "2019.11.17"]
[Round "5.10"]
[White "Robinson, Stephen"]
[Black "Le Feuvre, Gwenole"]
[Result "1-0"]
[WhiteElo "1730"]
[BlackElo "1714"]
[PlyCount "85"]
[EventDate "2019.11.??"]
[EventType "swiss"]
[EventRounds "5"]
[EventCountry "SCO"]
[Tiebreak "Sonneborn-Berger (Swiss)"]
[SourceVersionDate "2020.03.10"]

1. Nf3 Nf6 2. b4 d5 3. Bb2 e6 4. a3 c5 5. bxc5 Bxc5 6. e3 O-O 7. Be2 Nc6 8. O-O
a6 9. d4 Bd6 10. a4 Qc7 11. c4 dxc4 12. Na3 c3 13. Bxc3 Rd8 14. Nc4 Be7 15. a5
Nd5 16. Bb2 b5 17. axb6 Nxb6 18. Na5 Bf6 19. Rc1 Bb7 20. Bc3 Rac8 21. Nxc6 Bxc6
22. Bxa6 Qd7 23. Bxc8 Rxc8 24. Ba5 Nd5 25. Rc5 h5 26. Qc2 g6 27. Rc1 Ra8 28.
Bd2 Ba4 29. Qe4 Rb8 30. Ne5 Qb7 31. Qf3 Qb2 32. Rxd5 Qxd2 33. Rdc5 Bxe5 34.
dxe5 Bc2 35. Rf1 Bd3 36. Rc7 Rf8 37. Rd7 Qc2 38. Qd1 Bf5 39. Qd6 h4 40. h3 Qe4
41. Ra1 Bxh3 42. gxh3 Qf3 43. Rd8 1-0

[Event "Oban Open"]
[Site "Oban"]
[Date "2019.11.17"]
[Round "5.11"]
[White "Coates, Sam"]
[Black "Ridge, Benjamin"]
[Result "1-0"]
[WhiteElo "1591"]
[BlackElo "1631"]
[PlyCount "137"]
[EventDate "2019.11.??"]
[EventType "swiss"]
[EventRounds "5"]
[EventCountry "SCO"]
[Tiebreak "Sonneborn-Berger (Swiss)"]
[SourceVersionDate "2020.03.10"]

1. d4 e6 2. Bf4 f5 3. Nf3 Nf6 4. e3 Be7 5. Be2 d6 6. c4 O-O 7. h3 Nbd7 8. O-O
Qe8 9. Nc3 Bd8 10. Bh2 e5 11. Qc2 e4 12. Nd2 Qg6 13. f3 exf3 14. Rxf3 Nh5 15.
Raf1 Ndf6 16. Bd3 Be7 17. Bxf5 Bxf5 18. Qxf5 Qxf5 19. Rxf5 g6 20. R5f3 Ng7 21.
Nde4 Nxe4 22. Rxf8+ Rxf8 23. Rxf8+ Kxf8 24. Nxe4 Kf7 25. Kf2 Bf6 26. g4 Ne6 27.
b4 Ng5 28. Nxg5+ Bxg5 29. Kf3 Ke6 30. a4 b6 31. Bf4 Bf6 32. Ke4 g5 33. Bg3 Be7
34. Kd3 c6 35. e4 Kd7 36. Bf2 Bf6 37. c5 bxc5 38. bxc5 dxc5 39. dxc5 Ke6 40.
Bd4 Bd8 41. Kc4 a5 42. Bc3 Kd7 43. Be5 Ke6 44. Kd4 Kd7 45. Bd6 Bf6+ 46. e5 Bg7
47. Ke4 Ke6 48. Bc7 Bh8 49. Bxa5 Bxe5 50. Bb6 Bf4 51. a5 Kd7 52. Kf5 Kc8 53. a6
Kb8 54. Ke6 Kc8 55. Kf7 Kb8 56. Kg7 Bd2 57. Kxh7 Bf4 58. Kg6 Be3 59. Kh5 Ka8
60. h4 gxh4 61. Kxh4 Kb8 62. Kh5 Ka8 63. g5 Bd4 64. Kg6 Kb8 65. Kf7 Ka8 66. g6
Kb8 67. Bd8 Ka7 68. Bf6 Bxc5 69. g7 1-0